| 000 | 00819cab a22002055a 4500 | ||
|---|---|---|---|
| 001 | L159084 | ||
| 008 | 160113e20160109xxk 000 0 eng d | ||
| 035 | _a(Sirsi) u159084 | ||
| 041 | 0 | _aeng | |
| 100 | 1 | _aBaker, John | |
| 245 | 0 | 0 | _aWeighing up Landlord & Tenant |
| 260 | _c2016 | ||
| 490 |
_aEstates Gazette _v(1601) 9 January 2016, 58-59(2) |
||
| 520 | _aExamines the three levels of the landlord and tenant APC competency and review its requirements. This is a core area selected by many APC candidates as it is a fundamental part of a surveyor's work that is often linked with other competencies such as property management. Includes example questions and other useful resources. | ||
| 590 | _aKA | ||
| 651 | 4 | _aUnited Kingdom | |
| 690 |
_aLandlord and tenant _96252 |
||
| 690 |
_aAPC _96216 |
||
| 942 | _n0 | ||
| 999 |
_c84795 _d84795 |
||